Blue Angels aircraft - Statistics

General Stats
  • This quiz has been taken 25 times
  • The average score is 5 of 9
Answer Stats
Hint Answer % Correct
1986 - 2020 F-18 Hornet
83%
2020 - present F-18 Superhornet
83%
1968 - 1974 F-4 Phantom
67%
1974 - 1986 A-4 Skyhawk
58%
1946 - 1949 F8F Bearcat
50%
1949 - 1955 F9F Panther
50%
1955 - 1957 F9F Cougar
42%
1957 - 1968 F11 Tiger
33%
1946 - 1949 F6F Hellcat
33%
No matching quizzes found
Score Distribution
Percent of People with Each Score
Percentile by Number Answered
Your Score History
You have not taken this quiz